000 00456nam a2200181Ia 4500
003 GCL
008 140319s9999 xx 000 0 eng d
040 _aGCL /
_cGCL
082 0 4 _a616.8914
_bG N
100 1 _aGREENSPAN, MIRIAM
245 1 0 _aA NEW APPROACH TO WOMEN & THERAPY /
_cGREENSPAN, MIRIAM
260 _a[S.N] :
_bTOB BOOKS
300 _a359 PP
650 0 4 _aWOMEN
650 0 4 _aFEMINIST THERAPY
650 0 4 _aMEATAL HEALTH
942 _2ddc
_cBK
999 _c18218
_d18218